000 01090nam a22003017a 4500
001 5212
003 FISKH
005 20241119102723.0
008 241119b cb ||||| |||| 00| 0 eng d
020 _a9780439405706
040 _aFISKH
_beng
_cFISKH
_dFISKH
050 _aPZ7.M1257
082 _a514
100 _aMaccarone, Grace
245 _aMagic matt and the skunk in the tub /
_cby Grace Maccarone Illustrated by Norman Bridwell
250 _aFirst printing in 2003
260 _aNew York :
_bScholastic,
_c2003.
300 _a21 pages :
_bColor illustrations ;
_c23 cm
505 _aL
520 _aWhen Magic Max tries to conjure up a rubber duck to play with while he takes a bath, he makes a skunk appear instead and must think of a way to get rid of the terrible smell. Includes Matt's magic words and a list of other words that have a soft "u" sound.
521 8 _a510L
_bLexile
521 8 _aL
_bRaz-Plus
650 _2Fantasy
_aLevel G
650 _2Early reader
_aMagic
700 _aBridwell, Norman
_dIllustrator
942 _2ddc
_cBK
_n0
999 _c5212
_d5212